000 00543nam a2200217 a 4500
001 0001-2100
003 ELIB.Books
008 190723 2010 eng
020 _a0800615379
092 _a221.9
_bTri
100 _aTrible, Phyllis.
245 _aTexts of Terror
260 _aPhiladelphia
_bFortress Press
_c1984
300 _a128
_c21.5cm
650 _aWomen in Bible
856 _nKBTS Library
_uKBTS Elib
942 _2ddc
_cBK
990 _a1
998 _aEnglishbooks.elf
_ccat
_e2019-07-23
999 _c12100
_d12100